Pu-tin - sự trỗi dậy của một con người Sách tham khảo

Giới thiệu về vị tổng thống Nga Putin, cuộc đời tình báo và con đường bước tới trung tâm quyền lực. Những biện pháp của Putin chống khủng bố Chesnia, khôi phục kinh tế Nga...

Gorde:
Xehetasun bibliografikoak
Egile nagusia: Trương Dự
Beste egile batzuk: Hồng Phượng (biên dịch)
Formatua: Liburua
Hizkuntza:Vietnamese
Argitaratua: H. Lao động 2004
Gaiak:
Nga
Etiketak: Etiketa erantsi
Etiketarik gabe, Izan zaitez lehena erregistro honi etiketa jartzen!
Thư viện lưu trữ: Mạng thư viện Đại học Đà Nẵng
LEADER 01495nam a2200385 4500
001 000007351
003 3512
005 20111110101113.0
008 110929s2004 viesd
020 |c 60000đ 
041 0 |a vie 
082 |a 320.947  |b TR-D 
100 0 |a Trương Dự 
245 0 |a Pu-tin - sự trỗi dậy của một con người  |b Sách tham khảo  |c Trương Dự ; Hồng Phượng dịch 
260 |a H.  |b Lao động  |c 2004 
300 |a 439 tr  |b 28tr. ảnh  |c 21 cm 
520 |a Giới thiệu về vị tổng thống Nga Putin, cuộc đời tình báo và con đường bước tới trung tâm quyền lực. Những biện pháp của Putin chống khủng bố Chesnia, khôi phục kinh tế Nga... 
653 |a Putin, Vlađimia Vlađimirôvich 
653 |a Nga 
653 |a tổng thống, chính trị gia 
653 |a Chính trị 
653 |a Sách tham khảo 
700 |a Hồng Phượng  |e biên dịch 
700 |a Trương Dự 
910 |a Nguyễn Thị Kim Oanh  |d 29/09/2011 
OWN |a LSP 
AVA |a UDN50  |b LSP  |d 320.947 TR-D  |e available  |t Error 5001 Not defined in file expand_doc_bib_avail.  |f 2  |g 0  |h N  |i 0  |k 1 
999 |a From the UDN01 
AVA |a UDN50  |b LSP  |d 320.947 TR-D  |e available  |t Error 5001 Not defined in file expand_doc_bib_avail.  |f 2  |g 0  |h N  |i 0  |k 1 
TYP |a Monograph 
TYP |a Printed language 
980 |a Mạng thư viện Đại học Đà Nẵng